000 00348nam a2200145Ia 4500
008 230312s9999||||xx |||||||||||||| ||und||
020 _a1292076046
082 _a005.133
_bGAD-S
100 _aBair,Amy Lupold
245 0 _aBlogging for dummies
260 _bPearson
_aUSA
_c2015
300 _a1228
650 _aComputer
_vProgramming
942 _cBK
999 _c16007
_d16007